000 01031nam a2200289 i 4500
001 bg
003 KOSZ 005
005 20201130091440.0
008 100625s1993 pl a |001 0 pol
015 _aPB 2010/20880
020 _a8390033194
035 _a(OCoLC)749524154
040 _aWA N
_cKOSZ 005/HR
_dKOSZ 005/HR
041 1 _apol
_hger
080 _a94
245 0 0 _aKronika ludzkości /
_c[oprac. całości zespół pod kier. Mariana B. Michalika ; oprac. merytoryczne i red. zespół pod kier.Eugeniusza Duraczyńskiego].
260 _aWarszawa :
_bWydawnictwo "Kronika" Marian B. Michalik,
_c1993.
300 _a1222 s. :
_bil. (w tym kolor.) ;
_c30 cm.
380 _aKsiążki.
504 _aIndeks.
650 4 _aHistoria
655 4 _aKalendarium
700 1 _aMichalik, Marian B.
_eRedakcja
700 1 _aDuraczyński, Eugeniusz
_d(1931- )
_eRedakcja
856 _uhttp://koha.tu.koszalin.pl/cgi-bin/koha/opac-detail.pl?biblionumber=30384
_yKatalog online BPK
942 _2UKD
_cKS
999 _c30384
_d30384